000 00237 a2200097 4500
001 39806
100 _aSang-e-Meel Pubs
245 _aIslami Qanoon-e-Faujdari
260 _aLahore
_bSang-e-Meel Publications
_c1989
090 _c24811
_d24811
942 _aNUST-CAE
_cM
_c16460
999 _c274879
_d274879